Cliquez sur la bonne traduction en allemand - Les fruits - Statistiques

Statistiques générales
  • Ce quiz a été pris 489 fois
  • Le résultat moyen est 13 sur 20
Statistiques - réponses
Hint Réponse % Correct
Melon
Melone
97%
Banane Banane
92%
Noix de coco Kokosnuss
90%
Orange Orange
90%
Pastèque Wassermelon
87%
Abricot Aprikose
85%
Citron Zitrone
85%
Pomme Äpfel
78%
Piment Chili
64%
Cerise Kirsche
64%
Noisette Haselnuss
60%
Pêche Pfirsich
59%
Fraise Erdbeere
57%
Cacahuète Erdnuss
53%
Poire Birne
43%
Framboise Himbeere
41%
Prune Pflaume
40%
Pamplemousse Grapefruit
36%
Mûre Brombeere
29%
Raisin Traube
27%
Aucun quiz correspondant
Distribution des résultats
% des personnes avec chaque résultat
Percentile par nombre de réponses
Votre historique - résultats
Vous n’avez pas pris ce quiz